| Tag |
First Indicator |
Second Indicator |
Subfields |
| LEADER |
00000cam a2200000 a 4500 |
| 001 |
in00000026802 |
| 005 |
20151007054543.0 |
| 008 |
870505s1988 enkb b s00110 eng |
| 010 |
|
|
|a 87012387
|
| 020 |
|
|
|a 0821408836
|
| 020 |
|
|
|a 0821408844 (pbk.)
|
| 035 |
|
|
|a (OCoLC)15789506
|
| 035 |
|
|
|9 AAB5473AM
|
| 040 |
|
|
|a DLC
|c DLC
|d TXA
|d UtOrBLW
|
| 043 |
|
|
|a f-ke---
|
| 049 |
|
|
|a TXAM
|c [A11114877]
|
| 050 |
0 |
0 |
|a HD2126.5
|b .T48 1988
|
| 082 |
0 |
|
|a 307.3/36
|2 19
|
| 100 |
1 |
|
|a Throup, David.
|
| 245 |
1 |
0 |
|a Economic & social origins of Mau Mau 1945-53 /
|c David Throup.
|
| 264 |
|
1 |
|a London :
|b J. Currey ;
|a Athens :
|b Ohio University Press,
|c [1988]
|
| 264 |
|
4 |
|c ©1988
|
| 300 |
|
|
|a xvi, 304 pages :
|b maps ;
|c 23 cm.
|
| 336 |
|
|
|a text
|b txt
|2 rdacontent
|
| 337 |
|
|
|a unmediated
|b n
|2 rdamedia
|
| 338 |
|
|
|a volume
|b nc
|2 rdacarrier
|
| 490 |
1 |
|
|a Eastern African studies
|
| 504 |
|
|
|a Bibliography: pages 285-295.
|
| 500 |
|
|
|a Includes index.
|
| 650 |
|
0 |
|a Agriculture and state
|z Kenya
|x History
|y 20th century.
|
| 651 |
|
0 |
|a Kenya
|x Economic conditions
|y To 1963.
|
| 651 |
|
0 |
|a Kenya
|x Social conditions.
|
| 651 |
|
0 |
|a Kenya
|x Politics and government
|y To 1963.
|
| 650 |
|
0 |
|a Squatters
|z Kenya
|x History
|y 20th century.
|
| 610 |
2 |
0 |
|a Mau Mau
|x History.
|
| 650 |
|
0 |
|a Kikuyu (African people)
|x History
|y 20th century.
|
| 740 |
0 |
|
|a Economic and social origins of Mau Mau.
|
| 830 |
|
0 |
|a Eastern African studies (London, England)
|
| 999 |
|
|
|a MARS
|
| 999 |
f |
f |
|s 58ec3e41-c649-341a-82f8-ad59de2812bc
|i 7717d493-499f-3be7-8704-1847b00d38db
|t 0
|
| 952 |
f |
f |
|p ric
|a Texas A&M University
|b Rellis Campus
|c Joint Library Facility
|d Remote Storage
|t 0
|e HD2126.5 .T48 1988
|h Library of Congress classification
|i unmediated -- volume
|m A14811114877
|
| 998 |
f |
f |
|a HD2126.5 .T48 1988
|t 0
|l Remote Storage
|